| 000 | 00353 a2200121 4500 | ||
|---|---|---|---|
| 020 | _a0717297454 | ||
| 090 |
_c135 _d135 |
||
| 100 | _aHedges Roy | ||
| 245 |
_aGrolier Business Library collecting a Debt _bHow to enforce payment of money owed to you |
||
| 260 |
_aHong Kong _bGrolier International _c1999 |
||
| 300 | _a143 P | ||
| 942 |
_aNBS _cBK _k658.03 HED |
||
| 999 |
_c342711 _d342711 |
||